[Event "Stuttgart-chB int"]
[Site "Ditzingen"]
[Date "2018.05.10"]
[Round "2"]
[White "Volk, Oskar"]
[Black "Braun, Tobias"]
[Result "1/2-1/2"]
[WhiteElo "1617"]
[BlackElo "1725"]
[PlyCount "28"]
[EventDate "2018.05.10"]
[EventType "swiss"]
[EventRounds "7"]
[EventCountry "GER"]
[SourceTitle "EXT 2020"]
[Source "ChessBase"]
[SourceDate "2019.10.17"]
[SourceVersion "1"]
[SourceVersionDate "2019.10.17"]
[SourceQuality "1"]

1. e4 c6 2. d4 d5 3. exd5 cxd5 4. Bd3 Nf6 5. Nf3 Bg4 6. 0-0 e6 7. Bf4 Bd6 8. Bxd6 Qxd6 9. c3 0-0 10. Nbd2 Nc6 11. Re1 a6 12. a4 Rab8 13. a5 Qc7 14. Qa4 Bxf3 1/2-1/2

[Event "Stuttgart-chB int"]
[Site "Ditzingen"]
[Date "2016.05.06"]
[Round "3"]
[White "Sinner, Victor"]
[Black "Braun, Tobias"]
[Result "0-1"]
[WhiteElo "1533"]
[BlackElo "1732"]
[PlyCount "68"]
[EventDate "2016.05.05"]
[EventType "swiss"]
[EventRounds "7"]
[EventCountry "GER"]
[SourceTitle "EXT 2018"]
[Source "ChessBase"]
[SourceDate "2017.10.13"]
[SourceVersion "1"]
[SourceVersionDate "2017.10.13"]
[SourceQuality "1"]

1. e4 c6 2. d4 d5 3. Nc3 dxe4 4. Nxe4 e6 5. Nf3 Nd7 6. Bd3 Ngf6 7. Bg5 Be7 8. Ng3 0-0 9. 0-0 c5 10. c4 cxd4 11. Nxd4 a6 12. Nf3 Qc7 13. Rc1 Qa5 14. Bb1 Ne5 15. Be3 Bd7 16. Nxe5 Qxe5 17. Bd4 Qc7 18. Qc2 g6 19. h4 e5 20. Rfe1 Ng4 21. h5 Bg5 22. Be3 Bxe3 23. fxe3 e4 24. Nf1 f5 25. hxg6 hxg6 26. Rcd1 Bc6 27. Re2 Rad8 28. Rd4 Nxe3 29. Qc3 Rxd4 30. Qxd4 Nxf1 31. Kxf1 Rd8 32. Qf6 Rd1+ 33. Re1 Qf4+ 34. Ke2 Qd2+ 0-1

[Event "GER KF-32 Class1 B2 email"]
[Site "GER email"]
[Date "2007.??.??"]
[Round "?"]
[White "Braun, Tobias"]
[Black "Grube, Andreas"]
[Result "0-1"]
[WhiteElo "2000"]
[BlackElo "2170"]
[PlyCount "75"]
[EventDate "2007.??.??"]
[EventType "tourn (corr)"]
[EventRounds "6"]
[EventCountry "GER"]
[SourceTitle "Corr 2008"]
[Source "ChessBase"]
[SourceDate "2008.06.24"]
[SourceVersion "1"]
[SourceVersionDate "2008.06.24"]
[SourceQuality "1"]

1. d4 d5 2. c4 e6 3. Nf3 Nf6 4. Nc3 c6 5. Bg5 Nbd7 6. e4 dxe4 7. Nxe4 h6 8. Nxf6+ Nxf6 9. Bd2 c5 10. dxc5 Bxc5 11. b4 Be7 12. Qc2 0-0 13. Bd3 b5 14. c5 Bb7 15. Bxb5 Bxf3 16. gxf3 a5 17. Bc6 Qc7 18. Bxa8 Qe5+ 19. Kf1 Qxa1+ 20. Kg2 Qe5 21. f4 Qc7 22. Bf3 axb4 23. Bxb4 Qxf4 24. Bd2 Qe5 25. c6 Bd6 26. a4 Bc7 27. Qc4 Rd8 28. Be3 Nd5 29. Bd2 Nb6 30. Qc2 Rd4 31. Be3 Rc4 32. Qb3 Rc3 33. Qb5 Nd5 34. Bxd5 exd5 35. Rd1 Qxh2+ 36. Kf1 Rxe3 37. fxe3 Bg3 38. Rd2 0-1

[Event "Stuttgart-chA"]
[Site "Stuttgart"]
[Date "2004.??.??"]
[Round "?"]
[White "Rautenberg, Uwe"]
[Black "Braun, Tobias"]
[Result "1/2-1/2"]
[WhiteElo "2015"]
[BlackElo "1730"]
[PlyCount "52"]
[EventDate "2004.05.20"]
[EventType "swiss"]
[EventRounds "7"]
[EventCountry "GER"]
[SourceTitle "EXT 2007"]
[Source "ChessBase"]
[SourceDate "2006.11.23"]
[SourceVersion "1"]
[SourceVersionDate "2006.11.23"]
[SourceQuality "1"]

1. Nf3 d5 2. b3 Nf6 3. Bb2 e6 4. e3 Be7 5. d4 Nbd7 6. Nbd2 0-0 7. Bd3 b6 8. 0-0 Bb7 9. Qe2 Ne4 10. Ne5 f6 11. Nxd7 Qxd7 12. f4 Nxd2 13. Qxd2 f5 14. Qe2 Rf6 15. Rf3 Rg6 16. Rg3 Qe8 17. Rxg6 Qxg6 18. Rf1 Bf6 19. Ba3 Qf7 20. g4 g6 21. g5 Bg7 22. Rc1 Rc8 23. c4 Qd7 24. c5 c6 25. b4 b5 26. Bb2 a6 1/2-1/2

[Event "Stuttgart-chA"]
[Site "Stuttgart"]
[Date "2003.??.??"]
[Round "?"]
[White "Braun, Tobias"]
[Black "Akstinat, Sven Holger"]
[Result "0-1"]
[WhiteElo "1695"]
[BlackElo "1985"]
[PlyCount "86"]
[EventDate "2003.??.??"]
[EventType "swiss"]
[EventRounds "9"]
[EventCountry "GER"]
[SourceTitle "EXT 2007"]
[Source "ChessBase"]
[SourceDate "2006.11.23"]
[SourceVersion "1"]
[SourceVersionDate "2006.11.23"]
[SourceQuality "1"]

1. d4 d5 2. c4 Bf5 3. Nc3 e6 4. Nf3 c6 5. e3 Nd7 6. Be2 Be7 7. 0-0 h6 8. Nd2 Ngf6 9. Re1 0-0 10. cxd5 exd5 11. Bf3 Re8 12. Nf1 Bf8 13. Ng3 Bg6 14. Nce2 Bd6 15. Qb3 Qb6 16. Qxb6 Nxb6 17. Bd2 Nc4 18. Bc3 h5 19. b3 h4 20. bxc4 hxg3 21. hxg3 dxc4 22. Nf4 Bxf4 23. gxf4 Nd5 24. Bxd5 cxd5 25. Re2 Be4 26. Rb2 Rab8 27. f3 Bd3 28. Kf2 Re7 29. Rb5 Rd8 30. Re1 Rdd7 31. a4 Re6 32. a5 Bc2 33. Ra1 Kf8 34. Bb4+ Ke8 35. Bc5 Ra6 36. Ke2 Kd8 37. Kd2 Bb3 38. Rh1 Ba4 39. Rh8+ Kc7 40. Bb6+ axb6 41. axb6+ Rxb6 42. Rc5+ Bc6 43. Rh7 Rb2+ 0-1